00537 2200193 4500001002100000005001500021035002000036007000300056008004100059020001800100082001000118084001600128100002400144245007900168260004800247300002500295990001100320990001200331INLIS00000000001335320220714012408 a0010-0722000837ta220714 g 0 ind  a9789792262872 a646.3 a646.3 YUN t0 aYUNI, Fairani cacah1 aTerampil membuat blus kaos unik dengan aplikasi felt /cYuni Fairani Cacah aJakarta :bPT Gramedia Pustaka Utama,c2010 a50 hlm ;c21 x 17 cm a14.609 a14.609a